Investigaciones sobre medio ambiente /
Збережено в:
| Співавтори: | , |
|---|---|
| Формат: | Текст |
| Опубліковано: |
La Habana:
FLACSO; SODEPAZ
|
| Теги: |
Додати тег
Немає тегів, Будьте першим, хто поставить тег для цього запису!
|
MARC
| LEADER | 00000 a a2200000 04500 | ||
|---|---|---|---|
| 001 | 24427 | ||
| 003 | |||
| 040 | |||
| 090 | |a 175205 | ||
| 110 | |a FLACSO | ||
| 245 | |a Investigaciones sobre medio ambiente / |c FLACSO | ||
| 260 | |a La Habana: |b FLACSO; SODEPAZ | ||
| 300 | |a 39 p | ||
| 710 | |a Solidaridad para el Desarrollo y la Paz | ||
| 999 | |c 11678 |d 11678 | ||
